Občiansky zákonník

Gespeichert in:
Bibliographische Detailangaben
1. Verfasser: Svoboda, Jaromír
Format: Buch
Sprache:Slowakisch
Veröffentlicht: Bratislava Eurounion 1994
Ausgabe:1. vyd.
Schlagworte:
Tags: Tag hinzufügen
Keine Tags, Fügen Sie das erste Tag hinzu!

MARC

LEADER 00000nam a2200000 4500
001 c005711
005 20230228110916.2
020 |a 80-85568-38-1 
041 0 |a slo 
044 |a SK 
245 1 0 |a Občiansky zákonník  |c Jaromír Svoboda a kol. 
250 |a 1. vyd. 
264 1 |a Bratislava  |b Eurounion  |c 1994 
300 |a 706 s. 
610 2 0 |a právo občianske 
610 2 0 |a Slovensko 
610 2 0 |a zákonodarstvo 
610 2 0 |a zákonník občiansky 
100 1 |a Svoboda, Jaromír